000 00591nam a2200205Ia 4500
003 OSt
005 20251218154427.0
008 220923b |||||||| |||| 00| 0 ben d
037 _cTB
040 _aARTS
_cARTS
_bben
041 _2ben
_aben
084 _aO157,1M24x K1.1
_qAL
100 _aDutta M.M. Au.
_9206096
245 0 _aMichal rachana sambhar
260 _c1961
650 _aBENGALI LITERATURE
_9857888
700 _a Vishi Pramathnath Ed.
_9206097
942 _hO157,1M24x, K11.1
_cTB
_2CC
_n0
999 _c433315
_d433315